Quiz sur les Tuvalu - Statistiques

Statistiques générales
  • Ce quiz a été pris 3 025 fois
  • Le résultat moyen est 8 sur 14
Statistiques - réponses
Question Réponse % Correct
Langues officielles Anglais
93%
Région d'Océanie dans laquelle les Tuvalu se situent {Poly}nésie
86%
Devise monétaire Dollar
81%
Pays le plus proche Fidji
79%
Pays dont le drapeau apparaît dans le coin supérieur gauche des Tuvalu Royaume-Uni
77%
Malheureusement, 51,6% des adultes tuvaluans sont _____ Obèses
72%
Autre pays océanien auquel les Tuvalu étaient rattachés à cette époque Kiribati
63%
Ce que les neufs étoiles figurant sur le drapeau tuvaluan représentent Les neuf atolls
63%
Environ 10% des revenus des Tuvalu proviennent de sites internets étrangers qui utilisent cette extension dans leur URL, comme Twitch .tv
57%
Capitale et plus grande ville Funafuti
56%
Langues officielles Tuvaluan
51%
Principal produit agricole cultivé aux Tuvalu Noix de coco
37%
Type d'embarcation avec lesquelles les austronésiens ont découvert les Tuvalu Canoë
21%
Nom colonial de Tuvalu, utilisé jusqu'en 1975 Îles {Ellice}
13%
Aucun quiz correspondant
Distribution des résultats
% des personnes avec chaque résultat
Percentile par nombre de réponses
Votre historique - résultats
Vous n’avez pas pris ce quiz